[Event "HCL-A076"]
[Site "www.playchess.de"]
[Date "2001.04.26"]
[Round "5"]
[White "klypp"]
[Black "FireRook"]
[WhiteElo "2119"]
[BlackElo "2082"]
[PlyCount "49"]
[Result "1-0"]

1.e4 c5 2.Nf3 Nc6 3.d4 cxd4 4.Nxd4 Nf6 5.Nc3 e5 
6.Nb3 Bb4 7.Bc4 d6 8.O-O Bxc3 9.bxc3 Nxe4 10.Bxf7+ 
Kxf7 11.Qd5+ Be6 12.Qxe4 Rc8 13.f4 Kg8 14.fxe5 
dxe5 15.Ba3 Qd5 16.Qe3 b5 17.Rad1 Qc4 18.Rd6 h6 
19.Nd2 Qg4 20.h3 Qg6 21.Ne4 Nd8 22.Nc5 Kh7 23.Nxe6 
Nxe6 24.Qxe5 Rhe8 25.Re1 1-0

[Event "ACL-A085"]
[Site "www.playchess.de"]
[Date "2001.04.26"]
[Round "3"]
[White "kvdc007"]
[Black "Martinio"]
[WhiteElo "1500"]
[BlackElo "1500"]
[PlyCount "72"]
[Result "1/2-1/2"]

1.e4 {hi}  e5 {hi}  2.Nf3 Nc6 3.Bb5 a6 4.Ba4 {hi}  
Nf6 5.O-O Be7 6.Re1 b5 7.Bb3 O-O 8.a4 b4 9.d3 Bc5 
10.Bg5 h6 11.Bh4 d6 12.Bd5 Bb7 13.Nbd2 g5 14.Bxc6 
Bxc6 15.Bg3 Ba7 16.c3 bxc3 17.bxc3 Re8 18.Nc4 Rb8 
19.Ne3 Bxe3 20.Rxe3 Nd7 21.Nd2 Nc5 22.Qc2 d5 23.d4 
Nxe4 24.Nxe4 dxe4 25.Bxe5 f6 26.Bg3 Qd7 27.Qe2 a5 
28.Qc4+ Kg7 29.Qc5 Rb6 30.c4 Rb7 31.f3 exf3 
32.Rxe8 Qxe8 33.Re1 f2+ 34.Bxf2 Rb1 35.Qxa5 Rxe1+ 
36.Qxe1 Qxe1+ 1/2-1/2

[Event "HCL-A087"]
[Site "www.playchess.de"]
[Date "2001.04.26"]
[Round "10"]
[White "calponas"]
[Black "omnibus"]
[WhiteElo "1700"]
[BlackElo "1700"]
[PlyCount "75"]
[Result "1-0"]

1.e4 {ciao}  e5 2.Nf3 {hi}  Nc6 {Good luck}  3.Bb5 
a6 4.Ba4 {Ciao :-)}  Nf6 5.O-O Be7 6.Re1 b5 7.Bb3 
O-O 8.c3 d5 9.exd5 Nxd5 10.Nxe5 {Ciao :-)}  Nxe5 
11.Rxe5 c6 12.d4 Bd6 13.Re1 Qh4 14.g3 Qh3 15.Be3 
Bg4 16.Qd3 Rae8 17.Nd2 Re6 {:)}  18.a4 Rfe8 
19.Bxd5 cxd5 20.axb5 f5 21.bxa6 {Hi         (:-))} 
 f4 22.Qf1 {H i      :-)}  fxe3 23.Qxh3 Bxh3 
24.Rxe3 R6xe3 25.fxe3 Ra8 26.b4 Bd7 27.e4 Bb5 
28.a7 Bc7 29.exd5 Bb6 30.Kf2 Bxa7 31.Kg2 Bd7 32.c4 
Bc8 33.c5 Bb7 34.c6 Bb8 35.Rxa8 Bxa8 36.Nc4 {hi}  
Kf7 37.Nb6 Bb7 38.Nd7 1-0

[Event "HCL-M013"]
[Site "www.playchess.de"]
[Date "2001.04.26"]
[Round "9"]
[White "Alexdan"]
[Black "bonin"]
[WhiteElo "2274"]
[BlackElo "2200"]
[PlyCount "63"]
[Result "1-0"]

1.d4 Nf6 {Hello!}  2.c4 {hi!}  e6 3.Nc3 Bb4 4.e3 
O-O 5.Nf3 c5 6.Bd3 d5 7.O-O Nc6 8.a3 Bxc3 9.bxc3 
dxc4 10.Bxc4 Qc7 11.Ba2 e5 12.h3 e4 13.Nh2 Bf5 
14.Ng4 Nxg4 15.hxg4 Bg6 16.a4 Rfd8 17.Ba3 b6 
18.Qe2 Na5 19.Rfd1 c4 20.Rab1 Rac8 21.Rb5 h6 22.d5 
Qe5 23.Rd4 Qc7 24.g5 hxg5 25.d6 Qc6 26.Qg4 a6 
27.Rxa5 bxa5 28.Rxc4 Qb7 29.Qxg5 Qd7 30.Rxc8 Rxc8 
31.Qxg6 Rxc3 32.Bb2 1-0

[Event "HCL-E031"]
[Site "www.playchess.de"]
[Date "2001.04.26"]
[Round "17"]
[White "Alcides"]
[Black "Fast_Eagle"]
[WhiteElo "2000"]
[BlackElo "2000"]
[PlyCount "53"]
[Result "1/2-1/2"]

1.e4 {Hello! have fun ;)}  c5 2.Nf3 Nc6 3.d4 cxd4 
4.Nxd4 d6 5.c4 Nf6 6.Nc3 e6 7.Bg5 Be7 8.f4 a6 
9.Qd2 Bd7 10.Be2 Qc7 11.Nb3 O-O 12.Rd1 Rfd8 
13.Bxf6 gxf6 14.Qe3 Kh8 15.O-O Rdg8 16.Kh1 Rg7 
17.Rf3 Rag8 18.Rg1 Na5 19.Nd2 d5 20.Qd4 Bc5 
21.Qxf6 Bxg1 22.Kxg1 Qc5+ 23.Kf1 d4 24.Rh3 Re8 
25.Rg3 Reg8 26.Rh3 Re8 27.Rg3 1/2-1/2

[Event "HCL-B199"]
[Site "www.playchess.de"]
[Date "2001.04.26"]
[Round "34"]
[White "alecs"]
[Black "Bauernopfer"]
[WhiteElo "1200"]
[BlackElo "1325"]
[PlyCount "38"]
[Result "0-1"]

1.e3 e5 2.e4 Bc5 3.d3 d6 4.Bd2 Nf6 5.c4 Nc6 6.Qa4 
O-O 7.b4 Bd4 8.b5 Bxa1 9.bxc6 Bd4 10.Qb5 bxc6 
11.Qxc6 Bd7 12.Qb7 Qb8 13.Qa6 Qxb1+ 14.Ke2 Nxe4 
15.Be1 Qc2+ 16.Kf3 Ng5+ 17.Kg3 f5 18.h4 f4+ 19.Kh2 
Bxf2 0-1

[Event "HCL-C202"]
[Site "www.playchess.de"]
[Date "2001.04.26"]
[Round "10"]
[White "Controler"]
[Black "DC"]
[WhiteElo "1078"]
[BlackElo "1000"]
[PlyCount "77"]
[Result "1-0"]

1.e4 Nc6 2.Nf3 d5 3.e5 Bg4 4.Bb5 e6 5.O-O Bxf3 
6.Qxf3 a6 7.Bxc6+ bxc6 8.Nc3 Bb4 9.a3 Bxc3 10.Qxc3 
Qd7 11.Qb4 Ne7 12.d4 O-O 13.Bg5 Rfb8 14.Qxe7 Qxe7 
15.Bxe7 Rxb2 16.c3 Rab8 17.h3 Rc2 18.Rab1 Rxb1 
19.Rxb1 h5 20.Rb8+ Kh7 21.Bb4 f6 22.exf6 gxf6 
23.Rc8 Rc1+ 24.Kh2 Rc2 25.Rxc7+ Kg6 26.Rxc6 Rxf2 
27.Rxe6 h4 28.Rxa6 Kf7 29.Rd6 Rf5 30.a4 Ke7 
31.Rxd5+ Ke6 32.c4 Rxd5 33.cxd5+ Kxd5 34.g3 hxg3+ 
35.Kxg3 Kxd4 36.Kf4 Kc4 37.Be1 Kc5 38.Kf5 Kb6 
39.h4 1-0

[Event "ACL-A107"]
[Site "www.playchess.de"]
[Date "2001.04.26"]
[Round "3"]
[White "Controler"]
[Black "DC"]
[WhiteElo "1500"]
[BlackElo "1500"]
[PlyCount "75"]
[Result "1-0"]

1.e4 Nc6 2.Nf3 d5 3.e5 Bg4 4.Bb5 Bxf3 5.Qxf3 a6 
6.Bxc6+ bxc6 7.O-O f6 8.d4 Qd7 9.Qb3 Qg4 10.Qb7 
Qc8 11.Qxc6+ Kf7 12.Qxd5+ e6 13.Qc6 Ne7 14.Qf3 Nd5 
15.Nc3 Nxc3 16.Qxc3 Be7 17.Qf3 f5 18.Bd2 g6 19.Bh6 
c5 20.c3 cxd4 21.cxd4 Qc2 22.b3 Rhc8 23.Rac1 Qxa2 
24.b4 Bxb4 25.Qb7+ Be7 26.Rxc8 Rxc8 27.Qxc8 a5 
28.g3 a4 29.h3 Qb2 30.Qh8 Qxd4 31.Qxh7+ Ke8 
32.Qxg6+ Kd7 33.Rb1 a3 34.Be3 Qxe5 35.Rd1+ Kc6 
36.Qe8+ Kb7 37.Qxe7+ Kc6 38.Qxa3 1-0

[Event "HCL-B203"]
[Site "www.playchess.de"]
[Date "2001.04.26"]
[Round "5"]
[White "Pocman"]
[Black "BELAJ_BOY"]
[WhiteElo "1429"]
[BlackElo "1200"]
[PlyCount "64"]
[Result "0-1"]

1.e4 e5 {hi...good luck}  2.Nf3 Nc6 3.Bc4 Bc5 
4.O-O h6 5.c3 d6 6.d4 exd4 7.cxd4 Bb6 8.h3 Nge7 
9.b4 O-O 10.a3 d5 11.exd5 Nxd5 12.Bb2 Be6 13.Bb3 
Qd6 14.Nbd2 Qf4 15.Nc4 Rad8 16.Bc1 Qf6 17.Nxb6 
Nxb6 18.Bb2 Qg6 19.Kh1 Bxb3 20.Qxb3 Nd5 21.Ne5 
Nxe5 22.dxe5 Nf4 23.Qf3 Nd5 24.Rad1 c6 25.b5 Qc2 
26.Ba1 Nb6 27.Rxd8 Rxd8 28.Qg4 Qg6 29.Rd1 Rxd1+ 
30.Qxd1 cxb5 31.Bc3 Qe6 32.Qe2 
Nc4 0-1

[Event "ACL-A106"]
[Site "www.playchess.de"]
[Date "2001.04.26"]
[Round "5"]
[White "chessnut"]
[Black "chucaniam"]
[WhiteElo "1701"]
[BlackElo "1500"]
[PlyCount "49"]
[Result "1-0"]

1.c4 {We meet again!}  c5 2.g3 Nf6 3.Bg2 Nc6 4.Nf3 
e6 5.O-O Be7 6.Nc3 O-O 7.d4 d5 8.cxd5 exd5 9.dxc5 
Bxc5 10.Bg5 Be6 11.Rc1 Be7 12.a3 Rc8 13.Qd3 h6 
14.Bf4 a6 15.Rfd1 Bd6 16.b4 Bxf4 17.gxf4 Qd7 
18.Ne5 Nxe5 19.fxe5 Bf5 20.e4 dxe4 21.Qf1 Nd5 
22.Rxd5 Qe6 23.Nxe4 Rxc1 24.Qxc1 Rc8 
25.Rc5 1-0

[Event "HCL-A094"]
[Site "www.playchess.de"]
[Date "2001.04.26"]
[Round "35"]
[White "JAVIER_12"]
[Black "easykiller"]
[WhiteElo "1700"]
[BlackElo "1700"]
[PlyCount "40"]
[Result "0-1"]

1.d4 Nf6 {Hi from Bratislava}  2.Nf3 d5 3.Bg5 e6 
4.c4 Nbd7 5.Nc3 Be7 6.e3 {NICE MOVE U ARE INDEED A 
PLAYER.}  O-O 7.Bd3 b6 8.O-O Bb7 9.Re1 c5 10.dxc5 
Nxc5 11.Bc2 dxc4 12.Qe2 Nd5 13.Bxe7 Qxe7 14.Rad1 
Nxc3 15.bxc3 Ba6 16.Rd2 e5 17.e4 Nd3 18.Bxd3 cxd3 
19.Qe3 Rac8 20.Red1 Rxc3 0-1

[Event "ACL-E003"]
[Site "www.playchess.de"]
[Date "2001.04.26"]
[Round "25"]
[White "chrisg"]
[Black "player27"]
[WhiteElo "1793"]
[BlackElo "1695"]
[PlyCount "43"]
[Result "1-0"]

1.Nc3 {Hallo! So trifft man sich doch immer 
wieder! Gruß Chris}  Nf6 {hallo Chris, wünsche dir 
viel Spass in dem stark besetzten Teilnehmerfeld! 
gruss andy}  2.e4 {Danke, ja ist schon heftig, 
aber bin hier eingestiegen mit dem Ziel nicht 
abzusteigen! Gruß Chris}  e5 {nicht so bierernst 
nehmen! ist alles nur ein Spiel : )  andy}  3.Bc4 
{Nein, das mache ich bestimmt nicht! Tatsache ist: 
Ich kannte in diesem Turnier sehr viele! Chris}  
Nc6 {eines ist garantiert: Es werden alle 9 Teiln. 
spielen, war sonst selten der Fall}  4.d3 {Guten 
Morgen! Dem kann ich nichts hinzufügen! Gruß 
Chris}  Bb4 {Guten Abend!}  5.Bg5 {Na dann, bleibt 
mir ja nur die 'Guten Nacht' ! ;-)}  h6 {doch sehr 
stressig, die vielen Partien (spiele auch bei 
Freechess.de)-}  6.Bxf6 {da hast Du wohl recht! 
Ich habe auch schon reduziert! Gruß Chris}  Bxc3+ 
{hy, sehe schon, das Spiel wird längere Zeit 
dauern *g* hoffe,du hast keine Probleme damit! 
nice WE!}  7.bxc3 {Guten Morgen! In den nächsten 
Tagen habe ich nur wenig Zeit! Sorry! Gruß Chris}  
Qxf6 {na ist doch völlig ok! ; )}  8.Ne2 {Danke 
für Dein Verständnis! Gruß Chris}  d6 { )}  9.O-O 
{Ich wünsche Dir ein schönes Wochenende! Gruß 
Chris}  g5 {Danke : )}  10.d4 Ne7 11.Rb1 {Bin 
jetzt bis Freitag auf einer Tagung (Streß?!), 
daher erst am Montag wieder! Gruß Chris}  h5 {.}  
12.Rb5 a6 {eine etwas stressige Phase, soll uns 
aber nicht die Lust und Freude am schachspiel 
nehmen.Gruss andy}  13.dxe5 {Das sagst Du so 
einfach, bei mir ist momemtan 'Land unter' :-( 
Kaum Zeit zum Schachspiel! Gruß Chris}  dxe5 {wo 
genau?}  14.Rb2 {in der Firma, viel zu viel 
Arbeit! Gruß Chris}  Qc6 15.Bd5 Qg6 16.Bxb7 {habe 
im Moment kaum Zeit zum Schach, trotzdem wünsche 
ich ein schönes Wochenende! Gruß Chris}  Bxb7 
{Danke, hoffe, Du hattest auch ein schönes. Gruss 
andy}  17.Rxb7 {Danke, ja, leider noch viel Arbeit 
bis Ostern, aber dann wenigstens ein paar Tage 
Ruhe! Gruß Chris}  Qxe4 18.Rxc7 {Ich wünsche Dir 
ein wunderschönes Osterfest! Gruß Chris}  Rd8 
{vielen Dank, gebe ich gerne zurück. gruss andy}  
19.Ng3 {danke, war ja auch bis auf das sch.... 
Wetter schön, aber ab heute wieder viel Streß! 
Gruß Chris}  Rxd1 20.Nxe4 Rxf1+ {und wieder 
Wochenende : )}  21.Kxf1 Rh6 {  hallo Chris, 
Aufgabe im nächsten, wg. Eindringen Deines Turms 
auf b7.Viel Erfolg bei Deinen weiter}  22.Nxg5 
{Danke, das wünsche ich Dir auch! Werde zunächst 
mal eine Pause einlegen müssen, keine Zeit! Gruß 
C.}  1-0

[Event "ACL-E003"]
[Site "www.playchess.de"]
[Date "2001.04.26"]
[Round "27"]
[White "chrisg"]
[Black "Goofy"]
[WhiteElo "1793"]
[BlackElo "1753"]
[PlyCount "41"]
[Result "1-0"]

1.Nc3 {Hallo mal wieder! Auf ein schönes Spiel! 
Gruß Chris}  d5 2.e4 c6 3.Nf3 dxe4 4.Nxe4 Bf5 
5.Ng3 Bg6 6.h4 h6 7.Ne5 Bh7 8.Qh5 {ich wünsche ein 
schönes Wochenende!}  g6 9.Qf3 f6 10.Nc4 Nd7 11.d4 
{.}  e5 12.Be3 b5 13.Nd2 exd4 14.Bxd4 c5 15.Be3 c4 
16.h5 {Ich wünsche Dir ein schönes Osterfest!}  
Ne5 {Das wünsche ich Dir auch!}  17.Qb7 {danke, 
hatte ich, nur das Wetter hat ja leider nicht 
mitgespielt! :-((}  a6 18.f4 Ng4 19.Qc6+ Kf7 
20.hxg6+ Kxg6 21.f5+ 1-0

[Event "ACL-A108"]
[Site "www.playchess.de"]
[Date "2001.04.26"]
[Round "27"]
[White "Edik"]
[Black "bobrun"]
[WhiteElo "1737"]
[BlackElo "1500"]
[PlyCount "27"]
[Result "1-0"]

1.e4 Nf6 2.e5 Nd5 3.d4 d6 4.c4 Nb6 5.f4 f5 6.Nc3 
e6 7.Nf3 d5 8.c5 Nc4 9.b3 Nxe5 10.Nxe5 Bxc5 
11.Qh5+ g6 12.Nxg6 Rg8 13.Ne5+ Kf8 
14.Qf7+ 1-0

[Event "HCL-A098"]
[Site "www.playchess.de"]
[Date "2001.04.26"]
[Round "13"]
[White "chessnut"]
[Black "Good_Chess"]
[WhiteElo "2068"]
[BlackElo "1700"]
[PlyCount "21"]
[Result "1-0"]

1.d4 Nf6 2.Nc3 e6 3.e4 Bb4 4.e5 Ne4 5.Qg4 Nxc3 
6.Qxg7 Rf8 7.a3 Ba5 8.b4 d6 9.Bg5 f6 10.exf6 Ne4 
11.f7+ 1-0

[Event "HCL-C227"]
[Site "www.playchess.de"]
[Date "2001.04.26"]
[Round "4"]
[White "flywheel"]
[Black "craigsadler"]
[WhiteElo "1207"]
[BlackElo "731"]
[PlyCount "65"]
[Result "1-0"]

1.e4 c6 2.Bc4 d5 3.exd5 cxd5 4.Bb3 Nf6 5.d4 Bf5 
6.Nc3 e6 7.Bg5 Bd6 8.Nf3 O-O 9.O-O h6 10.Bh4 Nbd7 
11.Nb5 Bb8 12.Ne5 Nxe5 13.dxe5 Bxe5 14.Re1 Bxb2 
15.Rb1 Qb6 16.Rxb2 Qxb5 17.Bxf6 gxf6 18.Qd4 b6 
19.Qxf6 Kh7 20.h4 Qd7 21.c3 a5 22.f3 Bg6 23.g4 Qd6 
24.h5 Qg3+ 25.Kf1 Qh3+ 26.Rg2 Qh1+ 27.Kf2 Qh3 
28.g5 hxg5 29.Rxg5 Qh2+ 30.Ke3 d4+ 31.cxd4 a4 
32.hxg6+ fxg6 33.Qxg6+ 1-0

[Event "HCL-C233"]
[Site "www.playchess.de"]
[Date "2001.04.26"]
[Round "7"]
[White "Barani_S"]
[Black "sonnyspock"]
[WhiteElo "1000"]
[BlackElo "1132"]
[PlyCount "51"]
[Result "1-0"]

1.e4 e6 2.d4 d5 3.exd5 exd5 4.Nf3 Bg4 5.Bd3 Qe7+ 
6.Be3 Nc6 7.O-O O-O-O 8.h3 Bh5 9.Nbd2 Nf6 10.c3 
Qd7 11.Qa4 Bd6 12.Bb5 a6 13.Ne5 axb5 14.Qa8+ Nb8 
15.Nxd7 Nfxd7 16.Qa5 Be2 17.Rfe1 Bd3 18.a4 bxa4 
19.Qxd5 a3 20.bxa3 f6 21.Nc4 Nb6 22.Qe6+ N8d7 
23.Nxb6+ cxb6 24.Qxd6 f5 25.Bf4 b5 
26.Qc7+ 1-0

[Event "ACL-A125"]
[Site "www.playchess.de"]
[Date "2001.04.26"]
[Round "26"]
[White "Zsozso"]
[Black "ulibear"]
[WhiteElo "1641"]
[BlackElo "1301"]
[PlyCount "77"]
[Result "1-0"]

1.e4 {Hello!}  e6 {Hi, greetings to you and a good 
game for both of us}  2.d4 {Thanks. Have a good 
game.}  d5 3.Nd2 dxe4 4.Nxe4 c5 5.dxc5 Qxd1+ {you 
forced the Queen's exchange on me}  6.Kxd1 Nc6 
7.Be3 f5 8.Nd6+ Bxd6 {again forced}  9.cxd6 Nf6 
10.Nf3 O-O 11.Bc4 Ng4 12.Ke2 Nxe3 13.fxe3 h6 
14.Rhd1 Bd7 {sharp game from both of us}  15.g3 {I 
think my position is better.}  Kf7 {ok, if you can 
hold pawn d6}  16.Rd2 {I hope I can.}  Kf6 17.a3 
Rad8 {I do my best to hinder you}  18.b4 Ne5 
19.Nxe5 Kxe5 {a couragous king}  20.Rad1 b5 21.Bb3 
g5 22.R2d4 {Your king is in very good place.}  
Rdc8 {but only on black squares}  23.Rf1 Rc6 
{making a little threat :-))}  24.a4 Rxd6 {an 
important pawn to win}  25.Rfd1 {But you lost some 
position.}  Rxd4 {true, but I had to become more 
active ing a vital tempo}  26.exd4+ Kd6 27.axb5 
Bxb5+ {two impressive pawn chains}  28.c4 Be8 
29.Ra1 Rf7 30.c5+ Ke7 31.Rxa7+ Kf6 32.Rxf7+ Kxf7 
33.Bc4 Ke7 {true, losz position and have to fight 
for the draw}  34.b5 Bd7 35.Kd2 Kf6 36.b6 Bc6 {has 
changed for worse ...}  37.Bb5 Bxb5 {wondeful 
move: I must take the bishop and resign :-)}  
38.b7 {It was an interesting game. Ke5 was an 
excellent plan.}  e5 {thanks; but you played 
strongly 29. Ra1 and I did not get your idea}  
39.d5 1-0

[Event "ACL-A125"]
[Site "www.playchess.de"]
[Date "2001.04.26"]
[Round "33"]
[White "richard"]
[Black "Zsozso"]
[WhiteElo "1500"]
[BlackElo "1641"]
[PlyCount "82"]
[Result "0-1"]

1.e4 {greetings from america}  c5 {Greetings from 
Hungary. Good game!}  2.Nf3 Nc6 3.d4 cxd4 4.Nxd4 
Nf6 5.Nc3 e5 6.Nxc6 bxc6 7.Bc4 Bb4 8.Bd2 d6 9.Qe2 
O-O 10.O-O Qe7 11.Rad1 Be6 12.a3 Ba5 13.b4 Bb6 
14.Bg5 h6 15.Bxf6 Qxf6 16.Bxe6 Qxe6 17.Qd3 Rfd8 
18.Kh1 Rd7 19.f4 exf4 20.Rxf4 Re8 21.Qf3 Bd8 22.h3 
Bf6 23.Ne2 Be5 24.Rg4 a5 25.Nd4 Qc4 26.Nf5 Qxc2 
27.Nxh6+ Kf8 28.Nf5 axb4 29.Rh4 g6 30.Ne3 {daarn, 
you saw the mate}  Qc3 {I don't like getting 
mate.}  31.axb4 Rb8 32.Ng4 Rxb4 33.Nxe5 Qxe5 
34.Rg4 Kg8 35.Kg1 Re7 36.Qa3 Qc5+ 37.Kh2 Rexe4 
38.Rc1 Qe5+ 39.Rg3 c5 40.Rcc3 Re1 41.Rc1 
Rxc1 0-1

[Event "ACL-A113"]
[Site "www.playchess.de"]
[Date "2001.04.26"]
[Round "2"]
[White "dlc"]
[Black "guerino"]
[WhiteElo "1500"]
[BlackElo "1325"]
[PlyCount "36"]
[Result "0-1"]

1.e4 c5 2.Nf3 d6 3.c3 Nc6 4.d4 cxd4 5.cxd4 Nf6 
6.Nc3 Bg4 7.Be3 e6 8.Be2 Be7 9.O-O O-O 10.Rc1 a6 
11.h3 Bh5 12.Nh2 Bg6 13.Bd3 Rc8 14.f4 b5 15.f5 
exf5 16.exf5 Bxf5 17.Bxf5 Rb8 18.Ng4 
Nxg4 0-1

[Event "HCL-A107"]
[Site "www.playchess.de"]
[Date "2001.04.26"]
[Round "13"]
[White "Kaiko"]
[Black "jmcerna"]
[WhiteElo "1916"]
[BlackElo "1550"]
[PlyCount "39"]
[Result "1-0"]

1.d4 Nf6 2.c4 d6 3.Nc3 e5 4.Nf3 Nbd7 5.e4 Be7 
6.Be2 O-O 7.O-O c6 8.Be3 Qc7 9.d5 a6 10.Nd2 Ne8 
11.b4 f5 12.exf5 Rxf5 13.Bg4 Rf8 14.Be6+ Kh8 
15.Nde4 Ndf6 16.Ng5 Qb8 17.Na4 Bxe6 18.Nxe6 Rf7 
19.Nb6 Ra7 20.Nc8 1-0

[Event "HCL-B252"]
[Site "www.playchess.de"]
[Date "2001.04.26"]
[Round "10"]
[White "hassell"]
[Black "Wiemi"]
[WhiteElo "1681"]
[BlackElo "1500"]
[PlyCount "59"]
[Result "1-0"]

1.e4 c5 2.Nf3 a6 3.c3 d5 4.exd5 Qxd5 {How do you 
do?}  5.d4 e6 {????}  6.c4 Qd8 {Hellp}  7.Nc3 cxd4 
{nice weekend!!}  8.Qxd4 Qxd4 9.Nxd4 Bd7 10.Be2 
Nf6 11.Be3 Bb4 12.Rc1 e5 13.Nf3 Nc6 14.O-O Bxc3 
15.Rxc3 O-O 16.h3 Rfe8 17.Rd1 Bf5 18.a3 Rad8 
{Hello}  19.Rcc1 a5 20.Bb6 Rd7 21.Rxd7 Nxd7 22.Be3 
Nd4 23.Bxd4 exd4 24.Nxd4 a4 25.c5 Nf6 26.Nxf5 Rxe2 
27.Rc4 Re4 28.Nd4 Nd7 29.Rxa4 Nxc5 
30.Ra8+ 1-0

[Event "HCL-B254"]
[Site "www.playchess.de"]
[Date "2001.04.26"]
[Round "10"]
[White "dgrudny"]
[Black "Franky"]
[WhiteElo "1470"]
[BlackElo "1819"]
[PlyCount "94"]
[Result "0-1"]

1.e4 c5 2.Nf3 d6 3.d4 cxd4 4.Nxd4 Nf6 5.Nc3 a6 
6.Be3 e5 7.Nb3 Be6 8.h3 Be7 9.Bd3 Nbd7 10.O-O O-O 
11.a4 Rc8 12.a5 Qc7 13.Na4 d5 14.f3 h6 15.Nb6 Nxb6 
16.Bxb6 Qc6 17.exd5 Nxd5 18.Be4 f5 19.Bxd5 Bxd5 
20.Kh1 Bd8 21.Re1 Bxb6 22.axb6 Rfd8 23.Na5 Qxb6 
24.Rxe5 Be4 25.Qe1 Qf6 26.Nxb7 Bxb7 27.c3 Rd2 
28.Qxd2 Qxe5 29.Re1 Qc7 30.Qc2 Qg3 31.Re7 Bxf3 
32.gxf3 Qxh3+ 33.Kg1 Qxf3 {thanks,}  34.Qb3+ {For 
what?}  Kh8 {For this exciting game. Is it a 
unique game,isn't it ?}  35.Qf7 Qg3+ {Frankly 
speaking, I have just changed my opening from Open 
to Closed Sicilian which is make blunders}  36.Kf1 
Rd8 {Such as Nf3 which should be Nge2 or f4 
followed Nf3}  37.Re8+ Rxe8 38.Qxe8+ Kh7 39.Qe2 
Qf4+ 40.Ke1 Qe4 41.c4 Kg6 {Thanks for winning 
position for me.As Dr Tarrasch said,"to win a won 
game" is the most difficult one}  42.b4 Qxe2+ 
43.Kxe2 Kf6 44.b5 axb5 45.cxb5 Ke6 46.b6 Kd6 
47.Kf3 g5 {black makes a phalanx to protect the 
king side pawns}  0-1

[Event "HCL-A113"]
[Site "www.playchess.de"]
[Date "2001.04.26"]
[Round "23"]
[White "Kaotic"]
[Black "easykiller"]
[WhiteElo "1577"]
[BlackElo "1910"]
[PlyCount "24"]
[Result "0-1"]

1.e4 {Hello.}  c5 {Hi from Slovakia}  2.Nf3 {I'm 
from Indiana, USA.}  Nc6 {Indiana, I know, NBA 
...}  3.d4 {We didn't do so well this year.}  cxd4 
4.Nxd4 Nf6 5.Nc3 e5 6.Nxc6 bxc6 7.Bg5 Rb8 8.b3 Qa5 
9.Bd2 Bb4 10.Qf3 O-O 11.Bd3 Bxc3 12.Bxc3 
Qxc3+ 0-1

[Event "HCL-C256"]
[Site "www.playchess.de"]
[Date "2001.04.26"]
[Round "10"]
[White "dogman"]
[Black "Bookkeeper"]
[WhiteElo "1280"]
[BlackElo "1147"]
[PlyCount "46"]
[Result "0-1"]

1.d4 c5 2.dxc5 e6 3.e3 Bxc5 4.Bb5 Nf6 5.Nf3 O-O 
6.Nc3 d5 7.O-O a6 8.Ba4 b5 9.Bb3 Nc6 10.a3 Bb7 
11.a4 b4 12.Ne2 a5 13.c3 Ne4 14.cxb4 Nxb4 15.Bc2 
Rc8 16.b3 Nxc2 17.Qxc2 Bxe3 18.Qd3 Bc5 19.Be3 Qb6 
20.Bxc5 Nxc5 21.Qe3 Qxb3 22.Qxb3 Nxb3 23.Rfb1 
Nxa1 0-1

[Event "HCL-B226"]
[Site "www.playchess.de"]
[Date "2001.04.26"]
[Round "21"]
[White "gingy"]
[Black "Denzil"]
[WhiteElo "1200"]
[BlackElo "1737"]
[PlyCount "55"]
[Result "1-0"]

1.d4 Nf6 2.g3 e6 3.Nf3 g6 4.Bg2 Bg7 5.c3 d5 6.Bg5 
O-O 7.Nbd2 Nc6 8.e4 dxe4 9.Nxe4 Re8 10.Qd2 Bd7 
11.Ne5 h6 12.Nxf6+ Bxf6 13.Bxf6 Qxf6 14.Nxd7 Qe7 
15.Bxc6 bxc6 16.Ne5 c5 17.dxc5 Qxc5 18.Ng4 h5 
19.Nf6+ Kf8 20.Nd7+ Kg8 21.Nxc5 Red8 22.Qh6 Rab8 
23.Ne4 f5 24.Qxg6+ Kf8 25.Nc5 Rb6 26.Nxe6+ Ke7 
27.Nxd8 Kxd8 28.Qxb6 1-0

[Event "HCL-C266"]
[Site "www.playchess.de"]
[Date "2001.04.26"]
[Round "9"]
[White "Flunki"]
[Black "GT07"]
[WhiteElo "1000"]
[BlackElo "1000"]
[PlyCount "46"]
[Result "0-1"]

1.e4 Nf6 2.e5 Nd5 3.d4 e6 4.Nf3 d6 5.Be2 dxe5 
6.Nxe5 Be7 7.Nxf7 Kxf7 8.Bh5+ g6 9.Qf3+ Nf6 10.Bh6 
gxh5 11.Nc3 Bf8 12.Bg5 Bg7 13.Ne4 Qxd4 14.O-O Nbd7 
15.Rad1 Qe5 16.Rfe1 Qxb2 17.Bh4 Ne5 18.Qg3 b5 
19.Nc3 Qxc2 20.Nxb5 Ne4 21.Qf4+ Bf6 22.Rxe4 Qxd1+ 
23.Re1 Qxe1+ 0-1

[Event "HCL-C269"]
[Site "www.playchess.de"]
[Date "2001.04.26"]
[Round "8"]
[White "Ginebra"]
[Black "Leon"]
[WhiteElo "1000"]
[BlackElo "1644"]
[PlyCount "28"]
[Result "0-1"]

1.e4 {Hi, have a nice game}  c5 {Thanks, you too.} 
 2.d3 e5 3.Nf3 Nc6 4.g3 Nf6 5.Bg2 d5 6.exd5 Nxd5 
7.Qe2 Bd6 8.Bd2 h6 9.Nc3 Be6 10.O-O O-O 11.Rfe1 f5 
12.Nh4 Nd4 13.Qd1 Nxc3 14.Bxc3 
f4 0-1

[Event "HCL-B268"]
[Site "www.playchess.de"]
[Date "2001.04.26"]
[Round "20"]
[White "Matu"]
[Black "WoodbGM"]
[WhiteElo "1563"]
[BlackElo "1200"]
[PlyCount "29"]
[Result "1-0"]

1.e4 e5 2.Nf3 Nc6 3.Bc4 d6 4.h3 Nh6 5.d3 Be7 6.Nc3 
O-O 7.Bxh6 gxh6 8.Nd5 Kh8 9.Qd2 Bg5 10.Nxg5 Qxg5 
11.Qxg5 hxg5 12.Nxc7 Rb8 13.Nb5 Nd4 14.Nxd4 exd4 
15.g4 1-0

[Event "HCL-C273"]
[Site "www.playchess.de"]
[Date "2001.04.26"]
[Round "1"]
[White "Claire"]
[Black "Toady"]
[WhiteElo "754"]
[BlackElo "743"]
[PlyCount "70"]
[Result "0-1"]

1.e4 e5 2.Nf3 Nc6 3.Nc3 Nf6 4.Bc4 Bc5 5.d3 O-O 
6.Bg5 h6 7.Bxf6 Qxf6 8.Qe2 Nd4 9.Nd5 Qxf3 10.Qxf3 
Nxf3+ 11.gxf3 Bd4 12.c3 Bb6 13.Nxb6 axb6 14.Rg1 g5 
15.a3 d6 16.d4 exd4 17.cxd4 c5 18.d5 f5 19.h3 fxe4 
20.fxe4 Bxh3 21.Rh1 Rae8 22.Bd3 Rf3 23.Bc2 Kg7 
24.Ke2 Bg4 25.Ke1 Rf4 26.Rd1 Bxd1 27.Kxd1 Rxf2 
28.b3 Ref8 29.Bd3 Ra2 30.Kc1 Rxa3 31.Kb2 Ra7 
32.Kc3 Rf3 33.Rd1 h5 34.Kc4 Ra5 35.Be2 
b5+ 0-1

[Event "HCL-A121"]
[Site "www.playchess.de"]
[Date "2001.04.26"]
[Round "3"]
[White "Translightor"]
[Black "ggaarrii"]
[WhiteElo "1447"]
[BlackElo "1283"]
[PlyCount "148"]
[Result "0-1"]

1.e4 {Hello and good luck!}  c5 {Same to you!}  
2.Nf3 Nc6 3.d4 cxd4 4.Nxd4 Nf6 5.Nc3 d6 6.Be3 a6 
7.Be2 e6 8.a4 Be7 9.O-O Qc7 10.Kh1 Nxd4 11.Bxd4 e5 
12.Be3 O-O 13.f3 Rd8 14.Qd3 Be6 15.Nd5 Nxd5 
16.exd5 Bd7 17.c4 b6 18.b3 Rab8 19.Rfc1 Qb7 20.b4 
Bf6 21.Ra2 a5 22.c5 bxc5 23.bxc5 dxc5 24.Bxc5 Rdc8 
25.h3 Bg5 26.Rc4 Bf4 27.Bg1 Qb1 28.Rxc8+ Bxc8 
29.Rc2 Bd7 30.g4 Be3 31.Bf1 Bxg1 32.Kxg1 Qb6+ 
33.Kg2 Bxa4 34.Ra2 Bb5 35.Qd2 Bxf1+ 36.Kxf1 Qb5+ 
37.Kg2 a4 38.Kg3 Kf8 39.d6 Rd8 40.Qc2 Qb4 41.Rxa4 
Qxd6 42.Qe4 Qd1 43.Ra2 Qg1+ 44.Rg2 Qd4 45.Re2 Qxe4 
46.Rxe4 f6 47.h4 Ke7 48.Kf2 Ke6 49.Ke3 g6 50.Ra4 
h6 51.Rb4 f5 52.Rb6+ Rd6 53.Rb4 h5 54.gxf5+ Kxf5 
55.Kf2 Rd4 56.Rb5 Rxh4 57.Kg3 Rh1 58.Kg2 Rd1 
59.Kg3 Rd4 60.Rb3 g5 61.Ra3 h4+ 62.Kh3 e4 63.fxe4+ 
Rxe4 64.Rb3 Kf4 65.Rb2 Re3+ 66.Kg2 g4 67.Ra2 h3+ 
68.Kh2 Kf3 69.Ra1 Re2+ 70.Kg1 g3 71.Ra3+ Re3 
72.Ra1 Rd3 73.Rb1 Ke2 74.Rb2+ {Congratulations - 
fine game!}  Rd2 0-1